000 00686nam a2200253Ia 4500
001 8090
005 20240113234049.0
007 ta
008 050716s 199 a g b000 u eng u
020 _a81-204-0928-0
040 _aCotton College,Assam
041 _aeng
082 _a580
_bGe 286 Ap
100 _aGenin, Andre .
245 0 _aApplication of Botany in Horticulture /
_cAndre Genin.
_hTextual Documents
260 _aNew Delhi :
_bOxford & IBH Publishing Co.Pvt. Ltd. ,
_cC 1994.
300 _axiii, 208p. :
_bill ;
_c23cm. .
504 _aBib.
653 _aBotany
653 _aHorticulture
942 _2ddc
_cBK
999 _c8077
_d8077